Online
Catalog

Liderazgo y administración en enfermeria / (Record no. 35712)

MARC details
000 -CABECERA
campo de control de longitud fija 01005nam a2200253 a 4500
001 - NÚMERO DE CONTROL
campo de control 000036221
005 - FECHA Y HORA DE LA ÚLTIMA TRANSACCIÓN
campo de control 20200930074953.0
008 - DATOS DE LONGITUD FIJA--INFORMACIÓN GENERAL
campo de control de longitud fija 120111s1983 mx 001 0 spa d
040 ## - FUENTE DE LA CATALOGACIÓN
Centro catalogador/agencia de origen DO-SdBNP
Lengua de catalogación spa
Centro/agencia transcriptor BNPHU
082 ## - NÚMERO DE LA CLASIFICACIÓN DECIMAL DEWEY
Número de clasificación xxxx
Número de documento/Ítem T487l, 1983
100 1# - ENTRADA PRINCIPAL--NOMBRE DE PERSONA
Nombre de persona Thora Kron,
9 (RLIN) 62286
240 14 - TÍTULO UNIFORME
Título uniforme The management of patient care
Lenguaje de la obra Inglés
245 10 - MENCIÓN DE TÍTULO
Título Liderazgo y administración en enfermeria /
Mención de responsabilidad, etc. Thora Kron ; colaborador Ellen Durbin, traductor Sonia Dondisch de Grinberg, María del Carmen Legorreta G., Jorge L. Blanco y Correa M.
250 ## - MENCIÓN DE EDICIÓN
Mención de edición 5a ed.
260 ## - PUBLICACIÓN, DISTRIBUCIÓN, ETC.
Lugar de publicación, distribución, etc. México :
Nombre del editor, distribuidor, etc. Nueva Editorial Interamericana,
Fecha de publicación, distribución, etc. 1983.
300 ## - DESCRIPCIÓN FÍSICA
Extensión xv, 327 p.
500 ## - NOTA GENERAL
Nota general Incluye índice alfabético
504 ## - NOTA DE BIBLIOGRAFÍA, ETC.
Nota de bibliografía, etc. Incluye referencias bibliográficas al pie de las páginas.
504 ## - NOTA DE BIBLIOGRAFÍA, ETC.
Nota de bibliografía, etc. Bibliografía :p. 321
700 12 - PUNTO DE ACCESO ADICIONAL--NOMBRE DE PERSONA
Nombre de persona Durbin, Ellen
9 (RLIN) 62287
700 12 - PUNTO DE ACCESO ADICIONAL--NOMBRE DE PERSONA
Nombre de persona Dondisch de Grinberg, Sonia,
Término indicativo de función/relación tr.
9 (RLIN) 62288
700 12 - PUNTO DE ACCESO ADICIONAL--NOMBRE DE PERSONA
Nombre de persona Legorreta G., María del Carmen,
Término indicativo de función/relación tr.
9 (RLIN) 62289
700 12 - PUNTO DE ACCESO ADICIONAL--NOMBRE DE PERSONA
Nombre de persona Blanco y Correa M., Jorge L.
Término indicativo de función/relación tr.
9 (RLIN) 62290
Holdings
Estado de retiro Estado de pérdida Restricciones de uso No para préstamo Código de colección Localización permanente Ubicación/localización actual Ubicación en estantería Fecha de adquisición Número de inventario Total de préstamos Signatura topográfica completa Código de barras Fecha visto por última vez Precio válido a partir de Tipo de ítem Koha
      Excluido de préstamo Monografías: Libros y Folletos General General En catalogación 11.01.2012 LF1   xxxx T487l, 1983 36221-10 25.06.2020 25.06.2020 No se presta

Powered by Koha